01456 2200289 4500001002100000005001500021035002000036008004100056020001500097041000800112082001300120084001700133100005500150700006400205245012000269260004600389300002500435500002300460520050000483650002700983990002601010990002601036990002601062990002601088990002601114990002601140INLIS00000000000063320221103020736 a0010-0520000633221103 | | eng  a9041197222 aeng a346.0482 a346.0482 COP0 aCopyright and Photographs: An International Survey0 aEdited by Ysolde Gendreau, Axel Nordemann, and Rainer Oesch1 aCopyright and Photographs :bAn International Survey /cEdited by Ysolde Gendreau, Axel Nordemann, and Rainer Oesch aLondon :bKluwer Law International,c1999 axiv, 335 p. ;c25 cm aIndeks : p.327-334 aOver the years, photographs have enjoyed a variety of forms of protection, but traditionally the protection of photographs has been placed within the law of copyright. While photography as a technique has been around for 150 years, protection issues in photography, as in copyright in general, have been complicated in recent years by the advent of new technology, enabling the digital storage, alteration, and reproduction of images and facilitating their global dissemination via the Internet. 4aCopyright--Photographs a15549/MKRI-P/XII-2009 a15550/MKRI-P/XII-2009 a15550/MKRI-P/XII-2009 a15549/MKRI-P/XII-2009 a15549/MKRI-P/XII-2009 a15550/MKRI-P/XII-2009